| 000 | 00394nam a2200157Ia 4500 | ||
|---|---|---|---|
| 008 | 230917s9999||||xx |||||||||||||| ||und|| | ||
| 020 | _cRS350 | ||
| 040 |
_e19863 _aMAIN |
||
| 041 | _aEnglish | ||
| 082 | _a301.451 H95E | ||
| 100 | _aHusain, M G, ed. | ||
| 245 | 0 | _aEthnic diversity and national integration | |
| 260 |
_aN.Delhi _bManak Publications _c1996 |
||
| 300 | _a208 p. | ||
| 942 | _cBK | ||
| 999 |
_c90685 _d90685 |
||